书目信息 |
| 题名: |
哈代精选集
|
|
| 作者: | 哈代 著 ;朱炯强 编选 | |
| 分册: | ||
| 出版信息: | 济南 山东文艺出版社 1998 |
|
| 页数: | 694页 | |
| 开本: | 20cm | |
| 丛书名: | 外国文学名家精选书系 | |
| 单 册: | ||
| 中图分类: | I561.14 | |
| 科图分类: | ||
| 主题词: | 文学--作品--英国--近代--选集 , 文学 | |
| 电子资源: | ||
| ISBN: | 7-5329-1446-1 | |
| 000 | 00769oam2 2200253 450 | |
| 001 | 1239262909 | |
| 005 | 20121013105503.70 | |
| 010 | @a7-5329-1446-1@dCNY27.90 | |
| 100 | @a19981002d1998 em y0chiy0110 ea | |
| 101 | 1 | @achi@cger |
| 102 | @aCN@b370000 | |
| 105 | @ac z 000zd | |
| 200 | 1 | @a哈代精选集@Aha dai jing xuan ji@f(英)哈代著@g朱炯强编选 |
| 210 | @a济南@c山东文艺出版社@d1998 | |
| 215 | @a694页@c肖像@d20cm | |
| 225 | 2 | @a外国文学名家精选书系@h第二批 |
| 461 | 0 | @12001 @a外国文学名家精选书系 |
| 606 | 0 | @a文学@x作品@y英国@z近代@x选集 |
| 606 | 0 | @a文学 |
| 690 | @aI561.14@v3 | |
| 701 | 1 | @c(英)@a哈代@Aha dai@c(Hardy, Thomas@f1840~1928)@4著 |
| 702 | 0 | @a朱炯强@Azhu jiong qiang@4编选 |
| 801 | 0 | @aCN@bNLC@c20101222 |
| 905 | @a10447@dI561.14@eJY11 | |
| 哈代精选集/(英)哈代著/朱炯强编选.-济南:山东文艺出版社,1998 |
| 694页:肖像;20cm.-(外国文学名家精选书系.第二批) |
| ISBN 7-5329-1446-1:CNY27.90 |
| ● |
| 相关链接 |
|
|
|
|
正题名:哈代精选集
索取号:I561.14/JY11
 
预约/预借
| 序号 | 登录号 | 条形码 | 馆藏地/架位号 | 状态 | 备注 |
| 1 | 7816131 | 278161310 | 学院路分馆/ [索取号:I561.14/JY11] | 在馆 | |
| 2 | 7816132 | 278161329 | 学院路分馆/ [索取号:I561.14/JY11] | 在馆 | |
| 3 | 7816133 | 278161338 | 学院路分馆/ [索取号:I561.14/JY11] | 在馆 | |
| 4 | 7816134 | 278161347 | 学院路分馆/ [索取号:I561.14/JY11] | 在馆 |